[Event "6. Torneo Aficionados Bali - Sub-2000"]
[Site "Benidorm ESP"]
[Date "2007.11.30"]
[Round "1.3"]
[White "Palacios Pena, Gerardo"]
[Black "Teran Pereda, Luis"]
[Result "1/2-1/2"]
[WhiteElo "1976"]
[BlackElo "1934"]
[PlyCount "83"]
[EventDate "2007.11.30"]
[EventType "swiss"]
[EventRounds "9"]
[EventCountry "ESP"]
[Source "lmi"]
[SourceDate "2007.11.30"]

1. d4 Nf6 2. Nf3 e6 3. Bf4 d5 4. e3 Be7 5. h3 b6 6. Bb5+ c6 7. Bd3 O-O 8. O-O
Ba6 9. Ne5 Bxd3 10. cxd3 Nfd7 11. Nd2 Nxe5 12. Bxe5 Nd7 13. Bg3 c5 14. Nf3 Bf6
15. dxc5 Nxc5 16. d4 Ne4 17. Be5 Rc8 18. Rc1 Qd7 19. Bxf6 Rxc1 20. Qxc1 Rc8 21.
Qa1 gxf6 22. Rc1 Rc6 23. Rxc6 Qxc6 24. Qd1 Qc4 25. a3 b5 26. h4 a5 27. g4 h6
28. Kg2 Kg7 29. g5 hxg5 30. hxg5 Nxg5 31. Nxg5 fxg5 32. Qh5 Qd3 33. Qxg5+ Qg6
34. Qxg6+ Kxg6 35. b3 Kf5 36. Kf3 f6 37. Ke2 e5 38. dxe5 fxe5 39. f3 e4 40. f4
b4 41. axb4 axb4 42. Kd2 1/2-1/2

[Event "6. Torneo Aficionados Bali - Sub-2000"]
[Site "Benidorm ESP"]
[Date "2007.11.30"]
[Round "1.5"]
[White "Perez Cameselle, Francisco"]
[Black "Gutierrez Valero, Mario"]
[Result "1-0"]
[WhiteElo "2017"]
[BlackElo "1735"]
[PlyCount "49"]
[EventDate "2007.11.30"]
[EventType "swiss"]
[EventRounds "9"]
[EventCountry "ESP"]
[Source "lmi"]
[SourceDate "2007.11.30"]

1. Nf3 Nf6 2. g3 g6 3. Bg2 Bg7 4. O-O O-O 5. d3 d6 6. e4 c5 7. Nbd2 Nc6 8. Qe2
Ne8 9. c3 Nc7 10. a4 Rb8 11. Re1 a6 12. a5 Nb5 13. Nc4 Be6 14. Nfd2 d5 15. exd5
Bxd5 16. Ne4 Bxe4 17. dxe4 Nd6 18. Rd1 Qc7 19. Bf4 Rfd8 20. Nb6 e5 21. Nd5 Qd7
22. Bg5 Rf8 23. Be3 c4 24. Bc5 Rfd8 25. Nf6+ 1-0

[Event "6. Torneo Aficionados Bali - Sub-2000"]
[Site "Benidorm ESP"]
[Date "2007.11.30"]
[Round "1.7"]
[White "Gomez Latorre, J."]
[Black "Armelles Ferrer, Miguel"]
[Result "1-0"]
[WhiteElo "1998"]
[BlackElo "1694"]
[PlyCount "47"]
[EventDate "2007.11.30"]
[EventType "swiss"]
[EventRounds "9"]
[EventCountry "ESP"]
[Source "lmi"]
[SourceDate "2007.11.30"]

1. e4 c5 2. Nc3 Nc6 3. f4 e6 4. Nf3 Qc7 5. g3 a6 6. d3 d6 7. Bg2 Bd7 8. O-O Nf6
9. b3 g6 10. Bb2 Bg7 11. Qe2 O-O 12. Kh1 Rac8 13. Nd1 b5 14. Ne3 e5 15. f5 Ne7
16. g4 b4 17. g5 gxf5 18. gxf6 Bxf6 19. exf5 d5 20. Ng4 Qd6 21. Nxf6+ Qxf6 22.
Nxe5 Rfe8 23. Qg4+ Kh8 24. Nxf7# 1-0

[Event "6. Torneo Aficionados Bali - Sub-2000"]
[Site "Benidorm ESP"]
[Date "2007.11.30"]
[Round "1.10"]
[White "Gutierrez Galindo, Angel"]
[Black "Rios Torondell, Jaume"]
[Result "0-1"]
[WhiteElo "1868"]
[BlackElo "1981"]
[PlyCount "79"]
[EventDate "2007.11.30"]
[EventType "swiss"]
[EventRounds "9"]
[EventCountry "ESP"]
[Source "lmi"]
[SourceDate "2007.11.30"]

1. e4 e6 2. d4 d5 3. e5 c5 4. c3 Qb6 5. Nf3 Nc6 6. dxc5 Bxc5 7. Qc2 Bd7 8. Bd3
Nge7 9. O-O Ng6 10. Re1 Rc8 11. b4 Be7 12. a3 Qc7 13. Qe2 O-O 14. Bg5 Bxg5 15.
Bxg6 fxg6 16. Nxg5 Rf5 17. Nf3 Rcf8 18. Nbd2 g5 19. h3 h6 20. Nb3 b6 21. Rac1
Rf4 22. Qd3 Rxf3 23. gxf3 Nxe5 24. Rxe5 Qxe5 25. Nd4 Qf4 26. Re1 e5 27. Ne2
Qxf3 28. Qxf3 Rxf3 29. Rd1 Be6 30. Kg2 Rxh3 31. Ng3 Rh4 32. Re1 e4 33. Rd1 Kf7
34. a4 Bh3+ 35. Kg1 Ke6 36. c4 dxc4 37. Rd4 e3 38. fxe3 Rxd4 39. exd4 Kd5 40.
a5 0-1

[Event "6. Torneo Aficionados Bali - Sub-2000"]
[Site "Benidorm ESP"]
[Date "2007.11.30"]
[Round "1.11"]
[White "Sanz Garcia, Roberto"]
[Black "Alegre Marco, Pablo"]
[Result "1-0"]
[WhiteElo "1937"]
[BlackElo "1738"]
[PlyCount "49"]
[EventDate "2007.11.30"]
[EventType "swiss"]
[EventRounds "9"]
[EventCountry "ESP"]
[Source "lmi"]
[SourceDate "2007.11.30"]

1. e4 b6 2. Nc3 Bb7 3. d4 e6 4. Be3 Bb4 5. Bd3 Nf6 6. f3 O-O 7. Qd2 d6 8. g4
Nxg4 9. fxg4 Qh4+ 10. Qf2 Qxg4 11. Nge2 f5 12. Rg1 Qh5 13. Rg5 Qe8 14. Qg3 Rf7
15. O-O-O Bxc3 16. Nxc3 fxe4 17. Nxe4 Nd7 18. Rg1 Qf8 19. Qh3 h6 20. Qxh6 Re8
21. Rh5 Rf3 22. Qh7+ Kf7 23. Ng5+ Ke7 24. Nxf3 Bxf3 25. Bg5+ 1-0

[Event "6. Torneo Aficionados Bali - Sub-2000"]
[Site "Benidorm ESP"]
[Date "2007.11.30"]
[Round "1.13"]
[White "Gil Quilez, Sonia"]
[Black "Rasskin Friederichs, Ivan"]
[Result "1-0"]
[WhiteElo "1935"]
[BlackElo "1781"]
[PlyCount "61"]
[EventDate "2007.11.30"]
[EventType "swiss"]
[EventRounds "9"]
[EventCountry "ESP"]
[Source "lmi"]
[SourceDate "2007.11.30"]

1. d4 Nf6 2. c4 g6 3. Nc3 Bg7 4. e4 d6 5. f3 O-O 6. Bg5 c5 7. d5 Qa5 8. Qd2 a6
9. h4 h5 10. Be2 Nbd7 11. g4 Re8 12. Nh3 hxg4 13. fxg4 Ne5 14. h5 Bxg4 15. h6
Bh8 16. Bxg4 Nxc4 17. Qe2 Nxb2 18. Qxb2 Nxg4 19. h7+ Kxh7 20. Nf2+ Kg8 21.
Rxh8+ Kxh8 22. Nxg4 f6 23. Bd2 Qc7 24. O-O-O Kg7 25. Ne2 Kf7 26. Nf4 Rh8 27.
Ne6 Qd7 28. Rf1 c4 29. Rxf6+ Ke8 30. Rf1 Rh3 31. Rf8# 1-0

[Event "6. Torneo Aficionados Bali - Sub-2000"]
[Site "Benidorm ESP"]
[Date "2007.11.30"]
[Round "1.16"]
[White "Fragni, Enrico"]
[Black "Buscaglia, Claudio"]
[Result "0-1"]
[WhiteElo "1764"]
[BlackElo "1991"]
[PlyCount "68"]
[EventDate "2007.11.30"]
[EventType "swiss"]
[EventRounds "9"]
[EventCountry "ESP"]
[Source "lmi"]
[SourceDate "2007.11.30"]

1. d4 g6 2. Nf3 Bg7 3. c3 d6 4. Bg5 Nd7 5. e4 f6 6. Be3 e5 7. Bc4 Qe7 8. Nbd2
Nh6 9. h3 Nf7 10. Qc2 Nb6 11. Bb3 a5 12. a4 Be6 13. Bxe6 Qxe6 14. d5 Qe7 15. c4
Nd7 16. O-O O-O 17. Nb3 b6 18. Rae1 Nh8 19. Nh2 f5 20. exf5 gxf5 21. f4 e4 22.
Qf2 Nc5 23. Nxc5 bxc5 24. Qg3 Rab8 25. Bc1 Rb4 26. b3 Rfb8 27. Re3 Ng6 28. Kh1
Bd4 29. Ba3 R4b7 30. Rb1 Bxe3 31. Qxe3 Qg7 32. g4 Qd4 33. Qg3 Rxb3 34. Rxb3
Qd1+ 0-1

[Event "6. Torneo Aficionados Bali - Sub-2000"]
[Site "Benidorm ESP"]
[Date "2007.11.30"]
[Round "1.17"]
[White "Munoz Bornao, Miguel Angel"]
[Black "Farwagi, Fouad-Pierre"]
[Result "1/2-1/2"]
[WhiteElo "1894"]
[BlackElo "1757"]
[PlyCount "24"]
[EventDate "2007.11.30"]
[EventType "swiss"]
[EventRounds "9"]
[EventCountry "ESP"]
[Source "lmi"]
[SourceDate "2007.11.30"]

1. e4 c5 2. f4 d5 3. exd5 Qxd5 4. Nc3 Qd8 5. Nf3 Nc6 6. Bb5 Bd7 7. O-O e6 8.
Ne4 Qc7 9. d3 Nge7 10. Kh1 Nf5 11. Ng3 Nxg3+ 12. hxg3 h5 1/2-1/2

[Event "6. Torneo Aficionados Bali - Sub-2000"]
[Site "Benidorm ESP"]
[Date "2007.11.30"]
[Round "1.18"]
[White "Soto Perez, Jaime"]
[Black "Garcia Ruano, Juan Carlos"]
[Result "0-1"]
[WhiteElo "1723"]
[BlackElo "1948"]
[PlyCount "98"]
[EventDate "2007.11.30"]
[EventType "swiss"]
[EventRounds "9"]
[EventCountry "ESP"]
[Source "lmi"]
[SourceDate "2007.11.30"]

1. Nf3 e6 2. d4 d5 3. Bf4 Nf6 4. e3 c6 5. c3 Qb6 6. Qb3 Nbd7 7. Nbd2 Nh5 8. Bg3
Be7 9. Bd3 c5 10. Qc2 h6 11. a4 Nxg3 12. hxg3 c4 13. Be2 Nf6 14. O-O Bd7 15.
Ne5 Rc8 16. Rfd1 Qc7 17. e4 Bd6 18. Nxd7 Nxd7 19. exd5 exd5 20. Bf3 Nf6 21.
Re1+ Be7 22. Qf5 Rd8 23. Re5 O-O 24. Rae1 Bd6 25. R5e2 Qc6 26. Qc2 Bc7 27. Nf1
a6 28. Ne3 b5 29. axb5 Qxb5 30. Nf5 Bd6 31. Nxd6 Rxd6 32. Re7 Rb6 33. R1e2 Rfb8
34. Qc1 Qc6 35. g4 Qd6 36. R7e5 a5 37. g3 a4 38. Bg2 g5 39. Rxg5+ hxg5 40.
Qxg5+ Kh8 41. Qh6+ Nh7 42. Qh5 Rxb2 43. Re5 Qg6 44. Qh4 R2b5 45. g5 a3 46. Bh3
Qg7 47. Re7 R5b7 48. Rxb7 Rxb7 49. g6 fxg6 0-1

[Event "6. Torneo Aficionados Bali - Sub-2000"]
[Site "Benidorm ESP"]
[Date "2007.11.30"]
[Round "1.19"]
[White "Marquez Bernal, Florencio"]
[Black "Santos, Amadeu Solha"]
[Result "0-1"]
[WhiteElo "2002"]
[BlackElo "1747"]
[PlyCount "94"]
[EventDate "2007.11.30"]
[EventType "swiss"]
[EventRounds "9"]
[EventCountry "ESP"]
[Source "lmi"]
[SourceDate "2007.11.30"]

1. d4 d5 2. Bf4 Bf5 3. e3 e6 4. Nf3 Nd7 5. Ne5 Nxe5 6. dxe5 c6 7. c3 h5 8. h3
g5 9. Bg3 Qb6 10. Qb3 Qxb3 11. axb3 Bxb1 12. Rxb1 a5 13. Ra1 b6 14. b4 a4 15.
f4 Be7 16. h4 gxf4 17. exf4 Nh6 18. Bf2 b5 19. b3 O-O 20. bxa4 Rxa4 21. Rxa4
bxa4 22. Kd1 Nf5 23. Bd3 d4 24. Bxf5 exf5 25. Bxd4 Rd8 26. Kc2 Bxb4 27. Rb1 Be7
28. g3 c5 29. Be3 c4 30. Bd4 a3 31. Rb7 Bf8 32. Kb1 Re8 33. Rb6 Re6 34. Ka2
Rxb6 35. Bxb6 f6 36. e6 Be7 37. Bd4 Kf8 38. Be3 Ke8 39. Bb6 Bd6 40. Ba5 Bc5 41.
Bb4 Bf2 42. Kxa3 Bxg3 43. Bc5 Bxf4 44. Bf2 Bh2 45. Kb4 f4 46. Kxc4 Bg3 47. Bg1
f3 0-1

[Event "6. Torneo Aficionados Bali - Sub-2000"]
[Site "Benidorm ESP"]
[Date "2007.11.30"]
[Round "1.20"]
[White "Aguilar Vallcorba, Manel"]
[Black "Quintino, Luis Filipe Pires D"]
[Result "0-1"]
[WhiteElo "1699"]
[BlackElo "1989"]
[PlyCount "84"]
[EventDate "2007.11.30"]
[EventType "swiss"]
[EventRounds "9"]
[EventCountry "ESP"]
[Source "lmi"]
[SourceDate "2007.11.30"]

1. d4 e6 2. c4 d5 3. Nc3 Nf6 4. Bg5 Nbd7 5. e3 Be7 6. a3 b6 7. Nf3 Bb7 8. cxd5
Nxd5 9. Bxe7 Qxe7 10. Be2 O-O 11. O-O Rfd8 12. Rc1 c5 13. Nxd5 Bxd5 14. g3 cxd4
15. Nxd4 Ne5 16. f4 Ng6 17. Bf3 e5 18. Bxd5 Rxd5 19. fxe5 Qxe5 20. Qf3 Rf8 21.
Nc6 Qe6 22. Nd4 Qd7 23. Rc3 Rd6 24. Rfc1 Rf6 25. Qg2 Ne5 26. Rc7 Qa4 27. Rf1
Rxf1+ 28. Qxf1 Qa5 29. Rc3 Qd5 30. Qg2 Qa2 31. h3 Re8 32. Qc2 g6 33. Rc8 Rxc8
34. Qxc8+ Kg7 35. Qc3 Qd5 36. Qd2 Qf3 37. Ne2 Qxg3+ 38. Nxg3 Nf3+ 39. Kf2 Nxd2
40. Ke2 Nc4 41. Ne4 Nxb2 42. Nd2 Kf6 0-1

[Event "6. Torneo Aficionados Bali - Sub-2000"]
[Site "Benidorm ESP"]
[Date "2007.11.30"]
[Round "1.21"]
[White "Nieto Jimenez, Beatriz"]
[Black "Planelles Ortega, Emilio"]
[Result "1/2-1/2"]
[WhiteElo "1987"]
[BlackElo "1790"]
[PlyCount "47"]
[EventDate "2007.11.30"]
[EventType "swiss"]
[EventRounds "9"]
[EventCountry "ESP"]
[Source "lmi"]
[SourceDate "2007.11.30"]

1. e4 c5 2. Nf3 d6 3. d4 cxd4 4. Nxd4 Nf6 5. Nc3 a6 6. Be2 b5 7. a3 Bb7 8. f3
Nbd7 9. Be3 Ne5 10. Bf2 Rc8 11. Nb3 e6 12. O-O Be7 13. Qd4 O-O 14. Rad1 Nc6 15.
Qe3 Qc7 16. Kh1 Rfd8 17. Qf4 h6 18. g4 Nd7 19. h4 Nde5 20. Qg3 Nc4 21. Bxc4
bxc4 22. Nd2 Ne5 23. Ne2 d5 24. Bd4 1/2-1/2

[Event "6. Torneo Aficionados Bali - Sub-2000"]
[Site "Benidorm ESP"]
[Date "2007.11.30"]
[Round "1.25"]
[White "Mercadal Melia, Dante"]
[Black "Kuenitz, Klaus"]
[Result "1-0"]
[WhiteElo "1959"]
[BlackElo "1695"]
[PlyCount "27"]
[EventDate "2007.11.30"]
[EventType "swiss"]
[EventRounds "9"]
[EventCountry "ESP"]
[Source "lmi"]
[SourceDate "2007.11.30"]

1. e4 e6 2. d4 d5 3. e5 c5 4. c3 Nc6 5. Nf3 Bd7 6. Bd3 cxd4 7. cxd4 Qb6 8. O-O
Nxd4 9. Nxd4 Qxd4 10. Nc3 Rc8 11. Nb5 Qxe5 12. Nxa7 Bd6 13. g3 Ra8 14. Bf4 1-0

[Event "6. Torneo Aficionados Bali - Sub-2000"]
[Site "Benidorm ESP"]
[Date "2007.11.30"]
[Round "1.27"]
[White "Rodriguez Ferrer, Pablo"]
[Black "Febrero Perez, Lluis"]
[Result "1-0"]
[WhiteElo "1948"]
[BlackElo "1622"]
[PlyCount "71"]
[EventDate "2007.11.30"]
[EventType "swiss"]
[EventRounds "9"]
[EventCountry "ESP"]
[Source "lmi"]
[SourceDate "2007.11.30"]

1. e4 e5 2. Nf3 Nc6 3. Bc4 Be7 4. O-O Nf6 5. d3 O-O 6. Re1 d6 7. c3 a6 8. Bb3
b5 9. Nbd2 Bb7 10. Nf1 a5 11. Ng3 Qd7 12. Nf5 Bd8 13. Bg5 Ng4 14. Qd2 a4 15.
Bd5 Nf6 16. Bxc6 Bxc6 17. Nxg7 Nxe4 18. dxe4 Bxg5 19. Qxg5 f6 20. Qh4 Qxg7 21.
Re3 f5 22. Ng5 Rf6 23. Rg3 Rh6 24. Ne6 Rxh4 25. Rxg7+ Kh8 26. exf5 Bd5 27. Rxc7
Rh5 28. Rd1 Bxa2 29. Rxd6 Rxf5 30. Nc5 Raf8 31. f3 Rg8 32. Rdd7 Rg6 33. Rxh7+
Kg8 34. Kf2 Bb1 35. Rhe7 Rd6 36. Ne6 1-0

[Event "6. Torneo Aficionados Bali - Sub-2000"]
[Site "Benidorm ESP"]
[Date "2007.11.30"]
[Round "1.31"]
[White "Martinez Rubi, Alberto"]
[Black "Aretxabaleta Saez, Julen"]
[Result "1-0"]
[WhiteElo "1945"]
[BlackElo "1794"]
[PlyCount "59"]
[EventDate "2007.11.30"]
[EventType "swiss"]
[EventRounds "9"]
[EventCountry "ESP"]
[Source "lmi"]
[SourceDate "2007.11.30"]

1. e4 c5 2. Nf3 Nc6 3. d4 cxd4 4. Nxd4 a6 5. Nc3 Qb6 6. Nb3 e6 7. Be3 Qc7 8.
Be2 Nf6 9. O-O b5 10. f4 b4 11. Na4 Nxe4 12. Bf3 d5 13. Bxe4 dxe4 14. Bb6 Qd6
15. Qe2 Qd5 16. Rad1 Qb5 17. Qxe4 Qxa4 18. Na5 Bd7 19. Rxd7 Kxd7 20. Rd1+ Bd6
21. Nb7 Qb5 22. Rxd6+ Kc8 23. Rxc6+ Kxb7 24. Rc5+ Kxb6 25. Rxb5+ axb5 26. Qd4+
Kc6 27. Qxg7 Rhc8 28. Qxh7 Rxa2 29. Qe4+ Kb6 30. Qxb4 1-0

[Event "6. Torneo Aficionados Bali - Sub-2000"]
[Site "Benidorm ESP"]
[Date "2007.11.30"]
[Round "1.34"]
[White "Escandell Atienza, Santiago"]
[Black "Maseda Iglesias, Luis"]
[Result "0-1"]
[WhiteElo "1711"]
[BlackElo "1988"]
[PlyCount "54"]
[EventDate "2007.11.30"]
[EventType "swiss"]
[EventRounds "9"]
[EventCountry "ESP"]
[Source "lmi"]
[SourceDate "2007.11.30"]

1. e4 e6 2. d4 d5 3. exd5 exd5 4. Bd3 Nf6 5. Nf3 Be7 6. O-O O-O 7. Be3 Bg4 8.
Nbd2 Nbd7 9. Re1 c5 10. dxc5 Nxc5 11. Be2 Qc7 12. Nd4 Bxe2 13. Qxe2 Rfe8 14. c3
a6 15. Rad1 Bd6 16. h3 Nce4 17. Qd3 Rad8 18. f3 Bh2+ 19. Kh1 Nc5 20. Qc2 Bg3
21. Re2 g6 22. Nf1 Be5 23. Bg5 Ne6 24. Nxe6 Rxe6 25. f4 Bxf4 26. Rxe6 Bxg5 27.
Nd2 fxe6 0-1

[Event "6. Torneo Aficionados Bali - Sub-2000"]
[Site "Benidorm ESP"]
[Date "2007.11.30"]
[Round "1.35"]
[White "Tung, Siu Hung"]
[Black "Meler Plana, Jeronimo"]
[Result "1-0"]
[WhiteElo "1978"]
[BlackElo "1736"]
[PlyCount "78"]
[EventDate "2007.11.30"]
[EventType "swiss"]
[EventRounds "9"]
[EventCountry "ESP"]
[Source "lmi"]
[SourceDate "2007.11.30"]

1. e4 e5 2. Nf3 Nc6 3. d4 exd4 4. Nxd4 Bc5 5. Be3 Qe7 6. Nc3 d6 7. Be2 Nf6 8.
Bf3 Ne5 9. O-O Bd7 10. Bg5 c6 11. Re1 h6 12. Bh4 g5 13. Bg3 Bxd4 14. Qxd4 c5
15. Qd2 Bc6 16. Nd5 Bxd5 17. exd5 Nfd7 18. Bg4 O-O 19. f4 f5 20. fxe5 dxe5 21.
d6 Qe6 22. Bf3 e4 23. h3 Nf6 24. Be2 f4 25. Bh2 a6 26. a4 Rad8 27. Rad1 Rd7 28.
Qc3 Rxd6 29. Bc4 Nd5 30. Qb3 Rfd8 31. Qxb7 Rb6 32. Bxd5 Rxd5 33. Qxd5 Qxd5 34.
Rxd5 e3 35. b3 Rb4 36. Rxc5 Rd4 37. h4 Rd2 38. hxg5 e2 39. Bxf4 Rd1 1-0

[Event "6. Torneo Aficionados Bali - Sub-2000"]
[Site "Benidorm ESP"]
[Date "2007.11.30"]
[Round "1.36"]
[White "Sylla Garcia, Moises"]
[Black "Martinez Zazo, Jesus"]
[Result "1-0"]
[WhiteElo "2125"]
[BlackElo "1910"]
[PlyCount "33"]
[EventDate "2007.11.30"]
[EventType "swiss"]
[EventRounds "9"]
[EventCountry "ESP"]
[Source "lmi"]
[SourceDate "2007.11.30"]

1. c4 e5 2. Nc3 Nf6 3. g3 Bb4 4. Bg2 Bxc3 5. bxc3 O-O 6. Nf3 d6 7. O-O Nc6 8.
Rb1 Rb8 9. d3 Ne7 10. c5 Be6 11. Qc2 Nc6 12. Ba3 Re8 13. Nd2 Bd5 14. e4 Be6 15.
cxd6 cxd6 16. Nc4 d5 17. Nd6 1-0

[Event "6. Torneo Aficionados Bali - Sub-2000"]
[Site "Benidorm ESP"]
[Date "2007.11.30"]
[Round "1.37"]
[White "Rocher Munoz, Jordi"]
[Black "Ferrando Perello, Martin"]
[Result "1-0"]
[WhiteElo "1910"]
[BlackElo "2047"]
[PlyCount "35"]
[EventDate "2007.11.30"]
[EventType "swiss"]
[EventRounds "9"]
[EventCountry "ESP"]
[Source "lmi"]
[SourceDate "2007.11.30"]

1. d4 d5 2. Nf3 Nf6 3. b3 Bf5 4. e3 e6 5. Ne5 Nbd7 6. g4 Bg6 7. h4 h5 8. Nxg6
fxg6 9. Qd3 Kf7 10. g5 Ne4 11. Bb2 Qe8 12. Bh3 Bd6 13. Bg2 Nxf2 14. Kxf2 Rf8
15. Nd2 Kg8+ 16. Ke2 Bg3 17. Raf1 Rxf1 18. Nxf1 1-0

[Event "6. Torneo Aficionados Bali - Sub-2000"]
[Site "Benidorm ESP"]
[Date "2007.11.30"]
[Round "1.38"]
[White "Aledo Lopez, Angel"]
[Black "Kruijf, Caspar"]
[Result "1/2-1/2"]
[WhiteElo "2046"]
[BlackElo "1972"]
[PlyCount "48"]
[EventDate "2007.11.30"]
[EventType "swiss"]
[EventRounds "9"]
[EventCountry "ESP"]
[Source "lmi"]
[SourceDate "2007.11.30"]

1. e4 e5 2. Nf3 Nc6 3. Bc4 Bc5 4. c3 Nf6 5. d4 exd4 6. e5 d5 7. Bb5 Ne4 8. cxd4
Bb6 9. Nc3 Nxc3 10. bxc3 O-O 11. Bg5 Ne7 12. Bd3 Be6 13. Qd2 Qd7 14. Nh4 c5 15.
Be3 cxd4 16. cxd4 Rac8 17. O-O Nf5 18. Nxf5 Bxf5 19. Rfc1 Bxd3 20. Qxd3 Rxc1+
21. Rxc1 Rc8 22. Rxc8+ Qxc8 23. Qb5 Qc6 24. Qxc6 bxc6 1/2-1/2

[Event "6. Torneo Aficionados Bali - Sub-2000"]
[Site "Benidorm ESP"]
[Date "2007.11.30"]
[Round "1.39"]
[White "Martin Manzano, Antonio"]
[Black "Garzon Negrete, Martin Felipe"]
[Result "1-0"]
[WhiteElo "1992"]
[BlackElo "2020"]
[PlyCount "57"]
[EventDate "2007.11.30"]
[EventType "swiss"]
[EventRounds "9"]
[EventCountry "ESP"]
[Source "lmi"]
[SourceDate "2007.11.30"]

1. e4 d5 2. exd5 Nf6 3. d4 Bg4 4. Be2 Bxe2 5. Qxe2 Qxd5 6. Nf3 e6 7. c4 Bb4+ 8.
Nc3 Qe4 9. Be3 Nbd7 10. O-O Qg4 11. h3 Qh5 12. Nb5 Kd8 13. a3 Be7 14. Bf4 Ne8
15. Rfe1 g5 16. Nxg5 Qg6 17. Nf3 Rg8 18. Bg3 h5 19. h4 c6 20. Nc3 Bd6 21. Ne5
Nxe5 22. dxe5 Be7 23. Qf3 Ng7 24. Ne4 Nf5 25. Rad1+ Kc7 26. Nf6 Bxf6 27. exf6+
Nxg3 28. Qf4+ Kb6 29. c5+ 1-0

[Event "6. Torneo Aficionados Bali - Sub-2000"]
[Site "Benidorm ESP"]
[Date "2007.11.30"]
[Round "1.40"]
[White "Oliver Andres, Santiago"]
[Black "Dimitrijevic, Dragan"]
[Result "0-1"]
[WhiteElo "1992"]
[BlackElo "1970"]
[PlyCount "59"]
[EventDate "2007.11.30"]
[EventType "swiss"]
[EventRounds "9"]
[EventCountry "ESP"]
[Source "lmi"]
[SourceDate "2007.11.30"]

1. e4 c5 2. Nf3 e6 3. d4 cxd4 4. Nxd4 Nf6 5. Nc3 d6 6. Be3 a6 7. f3 b5 8. Qd2
Nbd7 9. O-O-O Bb7 10. g4 h6 11. h4 b4 12. Nce2 d5 13. Ng3 dxe4 14. Nxe4 Nxe4
15. fxe4 Bxe4 16. Bg2 Bxg2 17. Qxg2 Rc8 18. g5 hxg5 19. Bxg5 Qc7 20. Rhe1 Ne5
21. Qe4 Bd6 22. Re2 Kf8 23. Rf2 Kg8 24. Rdf1 f5 25. Qe2 Qc4 26. Qxc4 Rxc4 27.
Kd2 Nf7 28. Nxe6 Re4 29. Nxg7 Kxg7 30. Rxf5 0-1

[Event "6. Torneo Aficionados Bali - Sub-2000"]
[Site "Benidorm ESP"]
[Date "2007.12.01"]
[Round "2.1"]
[White "Hajenius, Willem"]
[Black "Perez Puyal, Jose Joaquin"]
[Result "1-0"]
[WhiteElo "1998"]
[BlackElo "1905"]
[PlyCount "88"]
[EventDate "2007.11.30"]
[EventType "swiss"]
[EventRounds "9"]
[EventCountry "ESP"]
[Source "lmi"]
[SourceDate "2007.11.30"]

1. d4 Nf6 2. c4 e6 3. Nc3 Bb4 4. f3 h6 5. e4 O-O 6. Bd3 d6 7. Nge2 Nbd7 8. a3
Bxc3+ 9. Nxc3 b6 10. O-O Bb7 11. f4 e5 12. fxe5 dxe5 13. d5 Qe7 14. Qf3 Nh7 15.
Be3 Nc5 16. Bc2 Rad8 17. b4 Nd7 18. Rad1 Ndf6 19. c5 Kh8 20. Rf2 Bc8 21. h3 Ng8
22. Nb5 Bb7 23. Nxa7 Ra8 24. cxb6 cxb6 25. Bxb6 Ng5 26. Qe3 Qd7 27. Bd3 Qa4 28.
Bc2 Qd7 29. h4 Nh7 30. Rdf1 Nhf6 31. Rf5 Ng4 32. Qh3 N8f6 33. Bc5 Rfd8 34. Bd1
Nxe4 35. Qxg4 Nxc5 36. bxc5 Qxd5 37. Rxf7 Rg8 38. Rxb7 Qxb7 39. Qg6 Rgf8 40.
Rxf8+ Rxf8 41. Bc2 Kg8 42. Qb6 Qa8 43. c6 Rb8 44. Qc5 Rb2 1-0

[Event "6. Torneo Aficionados Bali - Sub-2000"]
[Site "Benidorm ESP"]
[Date "2007.12.01"]
[Round "2.2"]
[White "Barranco Cara, Francisco Javier"]
[Black "Perez Cameselle, Francisco"]
[Result "1-0"]
[WhiteElo "1915"]
[BlackElo "2017"]
[PlyCount "95"]
[EventDate "2007.11.30"]
[EventType "swiss"]
[EventRounds "9"]
[EventCountry "ESP"]
[Source "lmi"]
[SourceDate "2007.11.30"]

1. d4 Nf6 2. c4 c5 3. d5 b5 4. cxb5 a6 5. bxa6 Bxa6 6. Nc3 g6 7. g3 Bg7 8. Bg2
d6 9. Nf3 O-O 10. O-O Nbd7 11. Qc2 Qb6 12. h3 Rfb8 13. Rb1 Ne8 14. Bg5 Ndf6 15.
b3 Nc7 16. Rfd1 Nb5 17. Nxb5 Qxb5 18. Bf1 h6 19. Bf4 Qb4 20. Bd2 Qe4 21. Qxe4
Nxe4 22. Be1 Bb7 23. a4 Nf6 24. e4 Nxe4 25. Bb5 Nc3 26. Bxc3 Bxc3 27. Rd3 Bf6
28. Nd2 Bc8 29. g4 h5 30. f3 Ba6 31. Bxa6 Rxa6 32. Kf1 Rab6 33. Ke2 Rb4 34. Rg1
hxg4 35. Rxg4 Be5 36. Rxb4 Rxb4 37. Nc4 Kg7 38. a5 Kf6 39. Rd2 Rb7 40. a6 Ra7
41. Ra2 e6 42. Nb6 c4 43. bxc4 Bd4 44. Nc8 Ra8 45. Nxd6 exd5 46. Nb5 Bb6 47.
cxd5 Ke7 48. Kd3 1-0

[Event "6. Torneo Aficionados Bali - Sub-2000"]
[Site "Benidorm ESP"]
[Date "2007.12.01"]
[Round "2.4"]
[White "Ruiz Ureta, Ernesto"]
[Black "Tonus, Alex"]
[Result "1-0"]
[WhiteElo "2159"]
[BlackElo "1914"]
[PlyCount "111"]
[EventDate "2007.11.30"]
[EventType "swiss"]
[EventRounds "9"]
[EventCountry "ESP"]
[Source "lmi"]
[SourceDate "2007.11.30"]

1. e4 c5 2. Nf3 d6 3. d4 cxd4 4. Nxd4 Nf6 5. Nc3 a6 6. Bg5 e6 7. f4 Be7 8. Qf3
Qc7 9. O-O-O Nbd7 10. g4 b5 11. Bxf6 Nxf6 12. g5 Nd7 13. f5 Nc5 14. f6 gxf6 15.
gxf6 Bf8 16. Rg1 b4 17. Nd5 exd5 18. exd5 Nd7 19. Re1+ Ne5 20. Nc6 Bb7 21. Bh3
h5 22. Qf5 Bxc6 23. dxc6 Kd8 24. Rxe5 dxe5 25. Rd1+ Ke8 26. Rd7 Bh6+ 27. Kb1
Rd8 28. Qxh5 Rxd7 29. cxd7+ Kd8 30. Qxf7 Qd6 31. a3 bxa3 32. Qc4 Qxf6 33. Qc8+
Ke7 34. Qb7 Rd8 35. Qb4+ Qd6 36. Qh4+ Qf6 37. Qb4+ Kf7 38. Qb3+ Kf8 39. Qxa3+
Kg8 40. Qb3+ Kh8 41. Qd3 Bg7 42. Qe4 Qf4 43. Qe2 Qh6 44. Bg4 Qf6 45. Qe4 Qf4
46. Qg2 e4 47. Qh3+ Qh6 48. Qg2 Qf6 49. Qh3+ Qh6 50. Qg2 Rb8 51. c3 Qe3 52. Ka2
Qd3 53. Be6 Qf3 54. Qg5 Rxb2+ 55. Ka1 Rb8 56. Qh4+ 1-0

[Event "6. Torneo Aficionados Bali - Sub-2000"]
[Site "Benidorm ESP"]
[Date "2007.12.01"]
[Round "2.5"]
[White "Loerke, Reinhard"]
[Black "Alaguero Casado, Alberto"]
[Result "1/2-1/2"]
[WhiteElo "1995"]
[BlackElo "1844"]
[PlyCount "93"]
[EventDate "2007.11.30"]
[EventType "swiss"]
[EventRounds "9"]
[EventCountry "ESP"]
[Source "lmi"]
[SourceDate "2007.11.30"]

1. e4 c6 2. f4 d5 3. e5 e6 4. Nf3 c5 5. Nc3 Ne7 6. Be2 Nec6 7. O-O Be7 8. d3
O-O 9. Bd2 a6 10. a4 Nd7 11. Qe1 Nb4 12. Rc1 b6 13. Qg3 Bb7 14. f5 exf5 15. Bh6
g6 16. Bxf8 Nxf8 17. Nd1 Ne6 18. c3 Nc6 19. h4 d4 20. Nf2 Na5 21. Nh3 Nb3 22.
Rcd1 Kh8 23. Nfg5 Nxg5 24. Nxg5 Bxg5 25. hxg5 Qd7 26. Bf3 Re8 27. Rfe1 Qc7 28.
Bxb7 Qxb7 29. Kf2 Qd5 30. c4 Qc6 31. Rh1 Kg7 32. Rh6 Qe6 33. Rdh1 Rh8 34. Qh2
Kf8 35. Rxh7 Rxh7 36. Qxh7 Na5 37. Qh8+ Ke7 38. Kf3 Nc6 39. Kf4 Nb4 40. Rh3 Kd7
41. Qb8 Qc6 42. Qa7+ Ke6 43. Rf3 Nxd3+ 44. Rxd3 Qe4+ 45. Kg3 Qxd3+ 46. Kh2 Qxc4
47. Qb8 1/2-1/2